Gunung Nuang, Selangor : Persekitaran fizikal dan kepelbagaian biologi

Bibliographic Details
Corporate Author: Jabatan Perhutanan Semenanjung Malaysia
Other Authors: Shukur Md. Nor
Format: Book
Published: Kuala Lumpur : Jabatan Perhutanan Semenanjung Malaysia , 2005
Series:Siri 2 : Siri kepelbagaian biologi hutan
Subjects:

MARC

LEADER 00000cam a2200000 7i4500
001 0000003600
005 20070810.0
020 0 0 |a 9839269364 
090 0 0 |a 333.7809595111   |b GUN 
245 0 0 |a Gunung Nuang, Selangor :   |b Persekitaran fizikal dan kepelbagaian biologi   |c Shukur Md. Nor... [et al.] 
260 0 0 |a Kuala Lumpur :   |b Jabatan Perhutanan Semenanjung Malaysia ,   |c 2005 
300 |a 221 ms. :   |b il., peta ;   |c 26cm. 
440 0 0 |a Siri 2 : Siri kepelbagaian biologi hutan 
650 0 0 |a Environmental management   |z Selangor 
650 0 0 |a National parks and reserves   |z Selangor 
700 1 1 |a Shukur Md. Nor 
710 1 1 |a Jabatan Perhutanan Semenanjung Malaysia 
999 |a 0000007164   |b Monograph   |c Open Shelf   |e Default branch 
999 |a 0000007165   |b Monograph   |c Open Shelf   |e Default branch 
999 |a 0000007166   |b Monograph   |c Open Shelf   |e Default branch 
999 |a 0000007167   |b Monograph   |c Open Shelf   |e Default branch 
999 |a 0000007168   |b Monograph   |c Open Shelf   |e Default branch